000 00302nam a22000977a 4500
008 150623b xxu||||| |||| 00| 0 eng d
010 _8HCCRSARF:008
245 _aHIGH COURT CRIMINAL SESSION NO.381 OF 1970 Uganda Vs Demeteriyo Laddu
260 _aHigh Court Kampala
500 _3BEFORE: Hon. Mr. Justice Mead
999 _c6593
_d6593